Audi S/RS Quiz - Statistics

General Stats
  • This quiz has been taken 374 times
  • The average score is 15 of 20
Answer Stats
Answer % Correct
RS4
98%
RS5
98%
RS6
98%
RS7
98%
RS3
97%
S3
97%
S4
97%
S5
97%
S6
97%
S7
97%
S8
97%
S2 Coupe
93%
S1
92%
RS2 Avant
71%
SQ5
58%
TTRS
47%
RSQ3
45%
TTS
42%
Ur-S4
1%
Ur-S6
1%
No matching quizzes found
Score Distribution
Percent of People with Each Score
Percentile by Number Answered
Your Score History
You have not taken this quiz